000 01087nam a2200289Ia 4500
003 OSt
005 20221005110557.0
006 a|||||r|||| 00| 0
007 ta
008 221004b |||||||| |||| 00| 0 hin d
020 _a9788126318124 (hbk)
_cINR 100.00
024 _a36988
037 _bBW/1687, 15/03/2018, Bookwell
_cTextual
040 _aCRL
_cCRL
_bhin
041 _2hin
_ahin
082 _aO152,3N69,TK, P9;Q1
100 _aकुन्दन, संजय, ले.
245 0 _aटूटने के बाद
246 _aṬūṭane ke bāda
260 _aनई दिल्ली
_bभारतीय ज्ञानपीठ भारत
_c2011
300 _a108पृ0
_ccm.
490 _aलोकोदय ग्रन्थमाला; ग्रन्थांक 1002
650 _a हिन्दी साहित्य
650 _aहिन्दी कहानी
942 _hO152,3N69,TK, P9;Q1
_cTEXL
_2cc
999 _c1019264
_d1019264